Análisis del estado constructivo actual del edificio del Ministerio de Trabajo y Seguridad Social
Gespeichert in:
| 1. Verfasser: | |
|---|---|
| Format: | Buch |
| Veröffentlicht: |
[San José, Costa Rica]
2009
|
| Schlagworte: | |
| Tags: |
Tag hinzufügen
Keine Tags, Fügen Sie den ersten Tag hinzu!
|
MARC
| LEADER | 00000nam a2200000Ia 4500 | ||
|---|---|---|---|
| 003 | 001277 | ||
| 005 | 20221231144052.0 | ||
| 008 | 140114s2009 cr a 000 ||s d | ||
| 040 | |c cru CEDI | ||
| 090 | |a TFG 5800 | ||
| 100 | |a Valerio Vargas, Walter |9 3980 | ||
| 245 | |a Análisis del estado constructivo actual del edificio del Ministerio de Trabajo y Seguridad Social | ||
| 260 | |c 2009 |b [San José, Costa Rica] | ||
| 300 | |a 112 hojas; ilustraciones a color | ||
| 500 | |a Tesis (licenciatura en Ingeniería civil)--Universidad de Costa Rica. Facultad de Ingeniería. escuela de Ingeniería Civil | ||
| 648 | |x COSTA RICA. MINISTERIO DE TRABAJO Y SEGURIDAD SOCIAL |x EDIFICIOS |x REPARACION Y RECONSTRUCCION |x ANALISIS ESTRUCTURAL (INGENIERIA) |x ESTRUCTURAS DE ACERO |x FILTRACION |x CORROSION |9 3981 | ||
| 650 | |z CORROSION |9 3982 | ||
| 942 | |c TFG | ||
| 999 | |c 16435 |d 16435 | ||
